Kościoły w Polsce - Statystyki

Ogólne statystyki
  • Ten quiz został rozwiązany 117 razy
  • Średni wynik to 24 z 100
Statystyki odpowiedzi
Obrazkowy Odpowiedź % Poprawnych
Kraków
82%
Licheń
78%
Gdańsk
71%
Warszawa
71%
Warszawa
69%
Kraków
68%
Częstochowa
63%
Gdańsk
55%
Wrocław
53%
Kraków
51%
Kraków
51%
Cieszyn
50%
Toruń
50%
Gniezno
47%
Karpacz
42%
Świdnica
42%
Wrocław
42%
Łódź
40%
Zakopane
40%
Święta Lipka
38%
Warszawa
38%
Frombork
37%
Wambierzyce
37%
Jawor
36%
Poznań
36%
Wadowice
35%
Krzeszów
32%
Warszawa
32%
Szczecin
31%
Białystok
29%
Elbląg
29%
Katowice
29%
Kołobrzeg
29%
Kalwaria Zebrzydowska
28%
Opole
28%
Świdnica
28%
Bydgoszcz
26%
Gorzów Wielkopolski
26%
Nysa
24%
Olsztyn
24%
Tarnów
24%
Święty Krzyż
23%
Wrocław
23%
Kielce
22%
Płock
22%
Kalisz
21%
Chełm
19%
Katowice
19%
Legnica
19%
Puławy
19%
Włocławek
19%
Kruszwica
18%
Sokółka
17%
Gdańsk
15%
Grudziądz
15%
Krosno
15%
Lublin
15%
Strzegom
15%
Bardo
14%
Braniewo
14%
Leżajsk
14%
Miechów
14%
Zielona Góra
14%
Gietrzwałd
13%
Kalwaria Pacławska
13%
Piekary Śląskie
13%
Przemyśl
13%
Legnickie Pole
12%
Sandomierz
12%
Sieradz
12%
Dąbrowa Górnicza
10%
Łowicz
10%
Słupsk
10%
Opatów
9%
Rzeszów
9%
Szczyrk
9%
Inowrocław
8%
Milicz
8%
Reszel
8%
Gąsawa
6%
Góra św. Anny
6%
Poznań
6%
Sosnowiec
6%
Lipnica Murowana
5%
Przemyśl
5%
Blizne
4%
Cieszyn
4%
Kętrzyn
4%
Prudnik
4%
Sopot
4%
Będzin
3%
Sanok
3%
Supraśl
3%
Zamość
3%
Zawiercie
3%
Łęczyca
1%
Ośno Lubuskie
1%
Pelplin
1%
Wieliczka
1%
Łomża
0%
Nie znaleziono quizów pasujących do podanych kryteriów
Rozkład punktacji
Procent ludzi z każdym wynikiem
Percentyl według liczby udzielonych odpowiedzi
Twoja historia wyników
Nie rozwiązałeś tego quizu